Wiedźmin - poznaj moich łowców potworów - Statystyki

Ogólne statystyki
  • Ten quiz został rozwiązany 133 razy
  • Średni wynik to 11 z 51
Statystyki odpowiedzi
Opis Imie % Poprawnych
Wiedźmin cechy Wilka, rówieśnik Geralta. Jego głos przypominał szczekanie psa. Eskel
93%
Przez driady i elfy nazywany Gwynbleidd, znany również jako Rzeźnik z Blaviken. Geralt z Rivii
93%
Najmłodszy z wiedźminów należących do Szkoły Cechu Wilka z Kaer Morhen. Lambert
93%
Najstarszy znany wiedźmin, prawdopodobnie starszy od Kaer Morhen. Zmarł podczas oblężenia twierdzy przez dziki gon. Vesemir
93%
Jest najbardziej poszukiwanym przestępcą na Północy. Zabił dwóch królów, Demawend oraz Foltesta. Letho z Gulety
84%
Zwana Lwiątkiem z Cintry. Cirilla Fiona Elen Riannon
75%
Wiedźmin z cechu Wilka. Był jednym z wielu osieroconych po wojnie z Nilfgaardem dzieci. Mimo braku pełnego szkolenia i prób wiedźmińskich, był dobrym szermierzem. Jednakże ze względu na uraz palców nie mógł rzucać znaków. Leo
68%
Młody wiedźmin Cechy Gryfa. Triss stwierdziła, że był pierwszym wiedźminem, u którego zauważyła śmiech. Coën
66%
Wiedźmin ze szkoły Wilka. Nie był zadowolony z bycia wiedźminem i nie krył się z pogardą do nich. Berengar
54%
Zwany Smokobójcą. Słynny wiedźmin z cechu Gryfa, Zarzeczanin. Jerzy z Kagen
34%
Wiedźmin cechu Kota. Miał siostrę, za którą tęsknił. Ta umarła jednak ze starości około 1265 roku. Gaetan
29%
Wiedźmin ze szkoły Kota. Przyjaciel ze szlaku jednego z wiedźminów ze szkoły Wilka. Aiden
26%
Wiedźmin cechu Żmii oraz członek organizacji znanej jako Królobójcy. Próbował zabić Henselta. Egan
26%
Wiedźmin cechu Żmii oraz członek organizacji znanej jako Królobójcy. Próbował zabić Henselta. Serrit
25%
Wiedźmin ze szkoły Kota zwany Kotem z Iello. Był wynikiem nie do końca udanej mutacji Brehen
24%
Wiedźmin ze szkoły Kota. Dowódca łowców głów, polował na innego wiedźmina przez co zrobił sobie wroga. Bertram Tauler
17%
Wiedźmin ze Szkoły Wilka, był nauczycielem, nauczyciela Białego Wilka. Prawdopodobnie zginął w trakcie ataku fanatyków na twierdzę Kaer Morhen. Barmin
13%
Legendarny wiedźmin cechy Gryfa. W pewnym momencie swojego życia, wiedźmin wszedł w posiadanie niezwykłej zbroi wykonanej przez gnomy i elfy. Kruk
13%
Mistrz wiedźmińskiej szkoły cechy Żmii, został wspomniany w liście martwego wiedźmina. Ivar Złe Oko
9%
Wiedźmin z cechu Żmii zabity przez upiory z Białego Sadu. Kolgrim
8%
Wiedźmin ze szkoły cechu Kota. Nie wiadomo czy żyje. Był w wspomniany w tym samym liście co wyżej. Schrödinger
8%
Wiedźmin ze szkoły cechu Kota. Nie żyje... Axel
7%
Wiedźmin pochodzący ze szkoły cechy Niedźwiedzia. Po tym jak odmówił pomocy Xiężnej Oldze Lange-Haare z Łukomorza w strąceniu z tronu jej ojca, uciekł z wyspy Skellige. Gerd
7%
Wiedźmin z Szkoły Mantikory nie stroniący od alkoholu i używek. Przybył do Toussaint by prosić Płatnerskiego Arcymistrza Tyen'saila o stworzenie Wiedźmińskiego Rynsztunku. Merten
7%
Wiedźmin ze szkoły cechu Kota. Zostaje wspomniany w liście do wiedźmina. Cedric
6%
Wiedźmin ze Szkoły Wilka. Zginął podczas treningu (dostał bełtem w oko). Gwen
6%
Wiedźmin z cechu Niedźwiedzia. Podczas szkolenia w Haern Caduch często popadał w konflikty z pozostałymi uczniami. Iwo z Belhaven
5%
Wiedźmin pochodzący z szkoły cechu Wilka, nauczyciel fechtunku w Kaer Morhen. Zginął podczas ataku tłuszczy na wiedźmińską Warownię razem ze swoimi uczniami. Varin
5%
Czarnowłosy wiedźmin ze Szkoły Wilka, pojawiający się w komiksie Zdrada. Aubry
4%
Ciemnowłosy wiedźmin, pojawiający się w komiksie Zdrada. Jest jednym z Wilków. Frank
4%
Czarnowłosy wiedźmin, pojawiający się w komiksie Zdrada. Jest jednym z Wilków. Został uratowany przez innego wiedźmina na mordowni. Gardis
4%
Wiedźmin, nauczyciel w wiedźmińskiej szkole Kota. Nie lubił nauczyciela Białego Wilka. Guxart
4%
Wiedźmin ze szkoły cechu Kota. Napisał list w którym wspomina o tym że szkoła kota została przejęta przez wojsko. Joël
4%
Wiedźmin pochodzący ze szkoły cechu Kota. Członek eskapady Sigismunda Glogera do Est Tayiar. Kiyan
4%
Została wiedźminką po tym jak inni wiedźmini ze szkoły Wilka zamordowali jej rodziców. Adela
3%
Wiedźmin wymyślony na potrzeby papierowej gry RPG Wiedźmin: Gra Wyobraźni. Cormac
3%
Rudowłosy wiedźmin pojawiający się w komiksie „Wiedźmin: Zdrada”. Jest najlepszym przyjacielem Białego Wilka a także jednym z Wilków. Gweld
3%
Ciemnowłosy wiedźmin, pojawiający się w komiksie Wiedźmin: Zdrada. Jest jednym z Wilków. Zabity na turnieju. Hemminks
3%
Według raportu z Lan Exeter w 1104 roku zabił 3 garkainy, które grasowały po mieście. Olivier z Gulety
3%
Wiedźmin pojawiający się w komiksie Zdrada. Był dowódcą Wilków. Rennes
3%
Wiedźmin, ostatni walczący w zbroi. Do tej pory niepokonany, został zabity przez wiedźmina z cechu Wilka podczas ostatecznej Próby Miecza. (od siebie dodam że to ten wiedźmin-samurai) Thornwald
3%
Wiedźmin, pojawiający się w komiksie Zdrada. Jest dowódcą Kotów. Treyse
3%
Wiedźmin z oddziału specjalnego z Kaer Morhen. Jego zadaniem jest tropić renegatów i zabijać ich, bądź prowadzić przed oblicze Rady. Chireadan
2%
Rudowłosy wiedźmin. Zażywał narkotyki, zapewne fisstech. Clovis
2%
Ciemnowłosy wiedźmin, został wyzwolony w tym samym czasie co jakiś inny wiedźmin. Gascaden
2%
Wiedźmin wygnany z Kaer Morhen za atak na ludzi w celu zdobycia nowych uczniów, później znany jako Rycerz Zakonu Białej Róży Falwick Hrabia Moën. Przed wygnaniem poprzysiągł zemstę. Gwidon
2%
Wiedźmiński preceptor, zginął próbując zabić młodego wiedźmina w górach podczas ćwiczeń. Klef
2%
Wiedźmiński preceptor, okaleczony przez innego młodego wiedźmina w czasie treningu, w wyniku czego nie może już władać ręką. Osbert
2%
Wiedźmin Cechu Wilka, członek Rady Wiedźmińskiej Kaer Morhen. Nie przepadał za Białym Wilkiem. Sorel
2%
Ciemnowłosy wiedźmin, pojawiający się w komiksie Wiedźmin: Zdrada. Jest jednym z Wilków. Zabity podczas turnieju. Tjold
2%
Wiedźmin, renegat. Osobisty ochroniarz Herboltha. Zginął w Aedd Gynvael. Dermont Marranga
1%
Nie znaleziono quizów pasujących do podanych kryteriów
Rozkład punktacji
Procent ludzi z każdym wynikiem
Percentyl według liczby udzielonych odpowiedzi
Twoja historia wyników
Nie rozwiązałeś tego quizu